000 00344nam a2200121Ia 4500
008 150223s9999 xx 000 0 und d
020 _a9780440242543
050 _aPE 1591
245 4 _aThe American Heritage thesaurus :
_bfirst edition /
250 _afirst edition
260 _aNew York :
_bBantam Dell,
_c2005
300 _a713 pages :
_c18 cm.
999 _c283288
_d283288